000 00591cam a22002291 4500
001 sa 67005096
003 DLC
005 20260227112354.0
008 890510s1964 ii 000 0 hino
010 _asa 67005096
035 _a(OCoLC)19688753
040 _aDLC
_cWaU
_dNRU
_dDLC
042 _apremarc
050 0 0 _aPK2098.B22
_bE4
100 1 _aBaccana,
_d1907-2003.
245 1 0 _aEkānta saṅgīta.
_c[Lekhaka] Baccana. [pseud.]
250 _a[7. saṃskaraṇa]
260 _aDillī,
_bRājapāla
_c[1964]
300 _a126 p.
_c19 cm.
500 _aIn Hindi.
500 _aPoems.
999 _c74966
_d74966